000 00693nam a2200289Ia 4500
005 20260324143300.0
008 008 260324s9999 xx 000 0 eng d
020 _a9781315487533
037 _aEBOOK
040 _aCRL
040 _beng
040 _cCRL
041 _2eng
041 _aeng
084 _qCRL
100 _aJames P. Scanlan
_91212943
245 0 _aTechnology, Culture and Development
245 4 _bThe Experience of the Soviet Model
260 _bTaylor and Francis
260 _c1992
365 _a
365 _b59.99
856 _uhttp://www.taylorfrancis.com/books/9781315487533
942 _cEBOOK
999 _c1820259
_d1820259